000 03312Cam#a22002775a#4500
003 AR-RoUNA
005 20260408062853.0
008 140529s2014||||ag|||||f a||1 0|spa d
040 _aAR-RoUNA
_bspa
_dAR-RoUNA
041 _aspa
044 _aag
100 _aAdagio, Noemí
_93313
245 1 0 _aEl Constructor Rosarino (1926-1934)
_bTabla de contenidos
_c/ Noemí Adagio
260 _aRosario :
_bCURDIUR; Centro Universitario Rosario de Investigaciones Urbanas y Regionales,
_cago/1998
300 _a40 p. ;
_bplantas
_bplanos
_c29x21 cm.
490 _aCuadernos del CURDIUR
_vv. 62
520 3 _aEl Constructor Rosarino fue la única revista local sobre temas de la construcción y de la arquitectura, a excepción del año 1927, en que compartió el público de los arquitectos con Arquitectura lo cual le confiere gran importancia y significación en la historia de la arquitectura rosarina como registro de los procesos de profesionalización. Hace muchos años analicé este revista para tratar de comprende los procesos de personalización, las disputas entre ingenieros, arquitectos y constructores, entre otras cosas. Aunque realicé el relevamiento de los contenidos de esta revista con preguntas especificad, esta sistematización tiene el valor de conformar un material susceptible de analizar con oras preguntas. Por esto justifico la publicación tardía de este arduo trabajo de relevamiento. La caracterización Institucional de El constructor Rosarino que aquí reproduzco como presentación, publicada en el Diccionario Histórico de Arquitectura, Hábitat y Urbanismo en la Argentina. La colección de la revista no está completa en ningún archivo e nuestra ciudad, los números se encuentran en la Biblioteca de nuestra Facultad y en la Biblioteca Laporte de la Facultad de ingeniería Local. Para este indice, he tomado como base la colección de nuestra Facultad y en los números que no se encuentran allí, puse entre paréntesis la siglo de la Biblioteca donde puede consultarse. Para este publicación eliminé las anotaciones personales que la lectura de la revista e fue sugiriendo en esa oportunidad y decidí dejar ciertas acotaciones de orden institucional que aunque no provienen siempre del material de la revista pueden resultar útiles. En cambió conservé transcripciones textuales de algunos artículos toda vez qu me parecieron relevantes por los temas tratados y algunas notas escuetas sobre el carácter o sobre los contenidos de aquellos artículos cuyos títulos pueden resultar equívocos. El Constructor Rosarino fue la única revista local sobre temas de la construcción y de la arquitectura, a excepción del año 1927, en que compartió el público de los arquitectos con Arquitectura lo cual le confiere gran importancia y significación en la historia de la arquitectura rosarina como registro de los procesos de profesionalización.
610 2 4 _aUniversidad Nacional de Rosario. Facultad de Arquitectura, Planeamiento y Diseño.
_bCURDIUR (Centro Universitario Rosario de Investigaciones Urbanas y Regionales).
_92924
651 0 _aRosario (Santa Fe, Argentina)
_91246
653 _aRevista el Constructor Rosario
908 _aImp
930 _e11784
942 _cLIB
_2udc
945 _d2023-10-25
980 _8
_gCRON CRON
_65
_aMaría Machado
999 _c12356
_d12356